000 00524naa a2200145Ia 4500
003 ES-SlBCS
005 20210601152427.0
008 140519s1987 xxu||||| |||| 00| 0 ita d
041 _aita
100 1 _aDurand, Jean-François
_9346779
245 0 0 _aDa Leroux a Péguy: continuità a rottura?
_cJean-François Durand
600 1 _aLeroux, Pierre-Péguy
_9346780
773 0 _tPer un'idea di popolo e di democrazia : / Angelo Prontera
_dLecce : Milella Incontri, 1987
_g, págs. 173-187
_z88-7048-135-2
_wVA51344
942 _cAC
999 _c774940
_d774940